000 00749nam a2200241 a 4500
001 73472
003 BD-RjUL
005 20211209082411.0
008 170601s1966 e a 001 0 eng d
035 _a(BD-RjUL)73690
040 _aDLC
_cNNepaSU
_dUk
_dBD-RjUL
_beng
041 _aeng
082 _a630.913
_223
_bWEA 1966
100 1 _aWebster, C. C.
_q(Cyril Charles),
_d1909-
_9217376
245 1 0 _aAgriculture in the Tropics /
_cby C.C. Webster and P.N. Wilson
260 _aLondon :
_bLongmans,
_cc1966.
300 _axiii, 488 p. :
_bill. ;
_c23 cm.
504 _aBibliography: p. 449-477 & Index.
650 0 _aAgriculture
_9217377
_zTropics
700 1 _aWilson, P. N.
_q(Peter Northcote)
_9217378
942 _2ddc
_cBK
999 _c73472
_d73472